Calvary's cross, (Record no. 4865)
[ view plain ]
| 000 -LEADER | |
|---|---|
| fixed length control field | 01091cam a22002651 4500 |
| 001 - CONTROL NUMBER | |
| control field | 9884006 |
| 003 - CONTROL NUMBER IDENTIFIER | |
| control field | GBCCL |
| 005 - DATE AND TIME OF LATEST TRANSACTION | |
| control field | 20241126110528.0 |
| 008 - FIXED-LENGTH DATA ELEMENTS--GENERAL INFORMATION | |
| fixed length control field | 780714s1966 miu 000 0 eng |
| 010 ## - | |
| -- | 67002873 |
| 035 ## - SYSTEM CONTROL NUMBER | |
| System control number | (OCoLC)4054781 |
| 040 ## - CATALOGING SOURCE | |
| Original cataloging agency | DLC |
| Transcribing agency | MnManBS |
| Modifying agency | DLC |
| 042 ## - | |
| -- | premarc |
| 050 00 - | |
| -- | BV4241 |
| -- | .C3 |
| 082 ## - DEWEY DECIMAL CLASSIFICATION NUMBER | |
| Classification number | 252.63 |
| Item number | CAL |
| 245 00 - TITLE STATEMENT | |
| Title | Calvary's cross, |
| Statement of responsibility, etc. | by Dwight L. Moody ...and others. |
| 260 ## - PUBLICATION, DISTRIBUTION, ETC. | |
| Place of publication, distribution, etc. | Grand Rapids, |
| Name of publisher, distributor, etc. | Baker Book House |
| Date of publication, distribution, etc. | 1966. |
| 300 ## - PHYSICAL DESCRIPTION | |
| Extent | 97 p. |
| Dimensions | 20 cm. |
| 490 0# - SERIES STATEMENT | |
| Series statement | Minister's handbook series |
| 505 0# - FORMATTED CONTENTS NOTE | |
| Formatted contents note | The Man that died for me, by Mrs. J. K. Barney.--The blood, by D. L. Moody.--What think you of the cross? by J. C. Ryle.--The sprinkled blood, by W. H. M. H. Aitken.--The red word, by T. DeW. Talmage.--The blood shed for many, by C. H. Spurgeon.--The surety's cross, by H. Bonar.--The great heresy, by D. J. Burrell.--Willie Lear, the substitute, by D. W. Whittle. |
| 650 #0 - SUBJECT ADDED ENTRY--TOPICAL TERM | |
| Topical term or geographic name entry element | Sermons. |
| 9 (RLIN) | 6067 |
| 700 1# - ADDED ENTRY--PERSONAL NAME | |
| Personal name | Moody, Dwight Lyman, |
| Dates associated with a name | 1837-1899. |
| 9 (RLIN) | 1160 |
| 906 ## - LOCAL DATA ELEMENT F, LDF (RLIN) | |
| a | 7 |
| b | cbc |
| c | oclcrpl |
| d | u |
| e | ncip |
| f | 19 |
| g | y-gencatlg |
| 942 ## - ADDED ENTRY ELEMENTS (KOHA) | |
| Source of classification or shelving scheme | Dewey Decimal Classification |
| Koha item type | Books |
| Withdrawn status | Lost status | Source of classification or shelving scheme | Damaged status | Not for loan | Home library | Current Library | Shelving location | Date acquired | Total checkouts | Full call number | Barcode | Date last seen | Copy number | Price effective from | Koha item type |
|---|---|---|---|---|---|---|---|---|---|---|---|---|---|---|---|
| Dewey Decimal Classification | GRACE BIBLE COLLEGE | GRACE BIBLE COLLEGE | Ministry & Mission | 2018-02-12 | 252.63 CAL | 008932 | 2025-05-01 | c.1 | 2018-02-12 | Books |